[Event "DVM U20 2022"]
[Site "Münster GER"]
[Date "2022.12.27"]
[Round "2"]
[White "Poggemann, Alexander"]
[Black "Scheifel, Maximilian"]
[Result "1/2-1/2"]
[Termination "normal"]
[Board "6.5"]
[WhiteElo "1717"]
[BlackElo "1561"]
[WhiteClock "00:00:45"]
[BlackClock "00:32:24"]
[WhiteTeam "Schachverein Hemer 1932"]
[BlackTeam "Karlsruher SF 1853"]
[PlyCount "79"]
[WhiteFideId "16224167"]
[BlackFideId "16279433"]
[EventCountry "GER"]
[EventRounds "7"]
[EventType "team-swiss"]
[EventDate "2022.12.26"]

1. d4 Nf6 2. Nf3 d5 3. e3 Bf5 4. Bd3 {[%emt 0:00:15]} Bg6 {[%emt 0:00:25]} 5.
Nbd2 {[%emt 0:00:54]} e6 {[%emt 0:01:00]} 6. Ne5 {[%emt 0:03:04]} Bxd3 {[%emt
0:05:19]} 7. cxd3 {[%emt 0:00:47]} c6 {[%emt 0:01:43]} 8. O-O {[%emt 0:02:51]}
Bd6 {[%emt 0:00:47]} 9. Qe2 {[%emt 0:09:10]} Nbd7 {[%emt 0:00:20]} 10. f4
{[%emt 0:00:42]} c5 {[%emt 0:01:51]} 11. dxc5 {[%emt 0:03:15]} Bxc5 {[%emt
0:00:16]} 12. d4 {[%emt 0:00:35]} Bd6 {[%emt 0:00:20]} 13. b3 {[%emt 0:25:22]}
Rc8 {[%emt 0:03:49]} 14. Qd3 {[%emt 0:08:27]} O-O {[%emt 0:03:13]} 15. Bb2
{[%emt 0:01:20]} Bb4 {[%emt 0:00:53]} 16. Ndf3 {[%emt 0:05:52]} Ne4 {[%emt
0:10:24]} 17. Rac1 {[%emt 0:03:20]} Nxe5 {[%emt 0:04:16]} 18. dxe5 {[%emt
0:06:35]} Qa5 {[%emt 0:02:51]} 19. a3 {[%emt 0:01:49]} Be7 {[%emt 0:01:57]} 20.
b4 {[%emt 0:01:29]} Qa4 {[%emt 0:01:15]} 21. Nd2 {[%emt 0:02:33]} Nxd2 {[%emt
0:02:30]} 22. Qxd2 {[%emt 0:00:28]} a5 {[%emt 0:07:56]} 23. bxa5 {[%emt
0:09:18]} Bxa3 {[%emt 0:01:32]} 24. Ra1 {[%emt 0:04:13]} Bb4 {[%emt 0:02:12]}
25. Rxa4 {[%emt 0:06:48]} Bxd2 {[%emt 0:00:01]} 26. Bd4 {[%emt 0:00:17]} Ra8
{[%emt 0:02:18]} 27. Ra2 {[%emt 0:03:02]} Bxa5 {[%emt 0:04:39]} 28. Rfa1 {[%emt
0:00:08]} b6 {[%emt 0:00:11]} 29. Bc3 {[%emt 0:00:57]} Bxc3 {[%emt 0:00:30]}
30. Rxa8 {[%emt 0:00:02]} Bxa1 {[%emt 0:00:08]} 31. Rxa1 {[%emt 0:00:04]} Rb8
{[%emt 0:04:38]} 32. Kf2 {[%emt 0:00:25]} Kf8 {[%emt 0:00:29]} 33. Ke2 {[%emt
0:00:47]} Rb7 {[%emt 0:00:38]} 34. Kd3 {[%emt 0:00:34]} Ke7 {[%emt 0:02:18]}
35. Ra8 {[%emt 0:01:00]} Kd7 {[%emt 0:01:11]} 36. Rh8 {[%emt 0:00:35]} Kc6
{[%emt 0:01:08]} 37. Rxh7 {[%emt 0:00:26]} g6 {[%emt 0:00:07]} 38. g4 {[%emt
0:00:33]} b5 {[%emt 0:03:30]} 39. h4 {[%emt 0:00:30]} b4 {[%emt 0:00:15]} 40.
Kc2 {[%emt 0:00:19]} 1/2-1/2

[Event "DVM U20 2022"]
[Site "Münster GER"]
[Date "2022.12.27"]
[Round "2"]
[White "Gülsen, Sinan Yilmaz"]
[Black "Trinh, Felix Toan"]
[Result "1-0"]
[Termination "normal"]
[Board "6.6"]
[WhiteElo "1147"]
[BlackElo "1594"]
[WhiteClock "00:34:05"]
[BlackClock "00:04:53"]
[WhiteTeam "Karlsruher SF 1853"]
[BlackTeam "Schachverein Hemer 1932"]
[PlyCount "73"]
[WhiteFideId "34606017"]
[BlackFideId "34640134"]
[EventCountry "GER"]
[EventRounds "7"]
[EventType "team-swiss"]
[EventDate "2022.12.26"]

1. e4 e5 2. Nf3 Nc6 3. Bb5 Bc5 4. c3 {[%emt 0:00:19]} Qe7 {[%emt 0:02:00]} 5.
O-O {[%emt 0:00:52]} Nf6 {[%emt 0:04:14]} 6. d4 {[%emt 0:03:57]} Bb6 {[%emt
0:05:03]} 7. Re1 {[%emt 0:04:28]} O-O {[%emt 0:01:11]} 8. Na3 {[%emt 0:09:52]}
d6 {[%emt 0:06:23]} 9. Bg5 {[%emt 0:09:35]} h6 {[%emt 0:02:38]} 10. Bh4 {[%emt
0:03:05]} Bg4 {[%emt 0:03:50]} 11. Bxc6 {[%emt 0:01:12]} bxc6 {[%emt 0:00:35]}
12. dxe5 {[%emt 0:00:39]} dxe5 {[%emt 0:03:08]} 13. Nc4 {[%emt 0:02:43]} Rad8
{[%emt 0:13:12]} 14. Qe2 {[%emt 0:01:12]} Bxf3 {[%emt 0:12:21]} 15. Qxf3 {[%emt
0:00:27]} Rd7 {[%emt 0:05:19]} 16. Qf5 {[%emt 0:07:01]} Qe6 {[%emt 0:14:49]}
17. Bxf6 {[%emt 0:11:19]} Qxf5 {[%emt 0:00:39]} 18. exf5 {[%emt 0:00:10]} gxf6
{[%emt 0:00:10]} 19. Kf1 {[%emt 0:01:10]} Rfd8 {[%emt 0:01:49]} 20. Ke2 {[%emt
0:00:41]} Kf8 {[%emt 0:03:47]} 21. f3 {[%emt 0:03:02]} Ke7 {[%emt 0:00:59]} 22.
Rad1 {[%emt 0:00:51]} Rxd1 {[%emt 0:02:38]} 23. Rxd1 {[%emt 0:00:02]} Rxd1
{[%emt 0:00:10]} 24. Kxd1 {[%emt 0:00:15]} Bg1 {[%emt 0:00:48]} 25. h3 {[%emt
0:01:04]} Kd7 {[%emt 0:02:31]} 26. Nd2 {[%emt 0:00:17]} Be3 {[%emt 0:04:20]}
27. Ne4 {[%emt 0:00:15]} Bg5 {[%emt 0:00:37]} 28. g3 {[%emt 0:01:39]} Ke7
{[%emt 0:00:08]} 29. Ke2 {[%emt 0:01:26]} Bc1 {[%emt 0:00:31]} 30. b4 {[%emt
0:00:12]} Bg5 {[%emt 0:01:33]} 31. h4 {[%emt 0:01:20]} Bc1 {[%emt 0:00:16]} 32.
Kd3 {[%emt 0:01:33]} Ba3 {[%emt 0:03:58]} 33. Kc2 {[%emt 0:00:51]} a6 {[%emt
0:00:27]} 34. Nc5 {[%emt 0:02:00]} a5 {[%emt 0:00:35]} 35. Nd3 {[%emt 0:00:28]}
axb4 {[%emt 0:00:31]} 36. cxb4 {[%emt 0:00:11]} c5 {[%emt 0:01:21]} 37. bxc5
{[%emt 0:00:11]} 1-0

[Event "DVM U20 2022"]
[Site "Münster GER"]
[Date "2022.12.27"]
[Round "2"]
[White "Pralle, Finnegan"]
[Black "Nöldner, Julian"]
[Result "0-1"]
[Termination "normal"]
[Board "7.1"]
[WhiteElo "1915"]
[BlackElo "2065"]
[WhiteTeam "Biebertaler Schachfreunde"]
[BlackTeam "Barnimer Schachfreunde im SV Stahl Finow e.V."]
[PlyCount "108"]
[WhiteFideId "12986615"]
[BlackFideId "16218744"]
[EventCountry "GER"]
[EventRounds "7"]
[EventType "team-swiss"]
[EventDate "2022.12.26"]

1. e4 c5 2. Nc3 Nc6 3. g3 g6 4. Bg2 Bg7 5. d3 d6 6. Be3 Rb8 7. Qd2 b5 8. f4 b4
9. Nd1 a5 10. a3 Nd4 11. h3 b3 12. Bxd4 cxd4 13. cxb3 Rxb3 14. Qc2 Rb8 15. Nf3
Bd7 16. Rb1 e5 17. fxe5 dxe5 18. O-O Ne7 19. b4 axb4 20. axb4 O-O 21. Nd2 Nc6
22. Qc5 Qg5 23. Nc4 Qxg3 24. Nf2 Rfc8 25. Nb6 Bf8 26. Qb5 Rc7 27. Ng4 Bxg4 28.
hxg4 Bh6 29. Rf3 Be3 30. Kh1 Qh4 31. Bh3 Bf4 32. Qc5 Qe7 33. Bf1 Rcb7 34. Qxe7
Nxe7 35. Nc4 Rxb4 36. Rxb4 Rxb4 37. Rf2 Kg7 38. Kg2 Ng8 39. Ra2 Rb7 40. Be2 Nf6
41. Ra5 Re7 42. Ra2 Kh6 43. Ra5 Kg5 44. Kh3 h5 45. gxh5 Nxh5 46. Nd6 Bd2 47.
Ra2 Nf4 48. Kh2 Nxe2 49. Rxd2 Nf4 50. Kg3 f6 51. Kf3 Rd7 52. Nb5 Rh7 53. Rd1
Rh3 54. Kf2 Nxd3 0-1

[Event "DVM U20 2022"]
[Site "Münster GER"]
[Date "2022.12.27"]
[Round "2"]
[White "Beyer, Lorenz"]
[Black "Engländer, Leon Arne"]
[Result "1-0"]
[Termination "normal"]
[Board "7.2"]
[WhiteElo "1883"]
[BlackElo "1772"]
[WhiteClock "01:30:57"]
[BlackClock "01:30:17"]
[WhiteTeam "Barnimer Schachfreunde im SV Stahl Finow e.V."]
[BlackTeam "Biebertaler Schachfreunde"]
[PlyCount "55"]
[WhiteFideId "16245393"]
[BlackFideId "12997226"]
[EventCountry "GER"]
[EventRounds "7"]
[EventType "team-swiss"]
[EventDate "2022.12.26"]

1. d4 Nf6 2. Bf4 e6 3. e3 b6 4. h3 Bb7 5. Nf3 d6 6. Be2 Nbd7 7. c3 Qe7 8. Nbd2
g6 9. Qc2 Bg7 10. Bh2 e5 11. O-O O-O 12. Nc4 Ne4 13. Ncd2 f5 14. Rad1 Rad8 15.
Nxe4 Bxe4 16. Qb3 Kh8 17. Qa3 a5 18. dxe5 Nxe5 19. Nxe5 Bxe5 20. Bxe5 Qxe5 21.
Qa4 c5 22. Qb5 f4 23. exf4 Rxf4 24. Qxb6 Rdf8 25. Qxd6 Qg5 26. f3 Bc2 27. Rd5
R4f5 28. Qxf8 1-0

[Event "DVM U20 2022"]
[Site "Münster GER"]
[Date "2022.12.27"]
[Round "2"]
[White "Peschel, Julia"]
[Black "Straßburg, Robin Leonard"]
[Result "0-1"]
[Termination "normal"]
[Board "7.3"]
[WhiteElo "1534"]
[BlackElo "1781"]
[WhiteClock "00:07:09"]
[BlackClock "00:08:19"]
[WhiteTeam "Biebertaler Schachfreunde"]
[BlackTeam "Barnimer Schachfreunde im SV Stahl Finow e.V."]
[PlyCount "58"]
[WhiteFideId "16255593"]
[BlackFideId "16210018"]
[EventCountry "GER"]
[EventRounds "7"]
[EventType "team-swiss"]
[EventDate "2022.12.26"]

1. e4 c6 2. c4 d5 3. cxd5 {[%emt 0:00:02]} cxd5 {[%emt 0:00:08]} 4. exd5 {[%emt
0:00:05]} Nf6 {[%emt 0:00:20]} 5. Nc3 {[%emt 0:00:20]} Nxd5 {[%emt 0:00:23]} 6.
Bc4 {[%emt 0:01:24]} Nb6 {[%emt 0:01:38]} 7. Bb3 {[%emt 0:00:18]} Nc6 {[%emt
0:00:49]} 8. Nf3 {[%emt 0:01:39]} Bf5 {[%emt 0:00:59]} 9. O-O {[%emt 0:02:44]}
e6 {[%emt 0:02:01]} 10. d4 {[%emt 0:03:02]} Be7 {[%emt 0:02:58]} 11. Re1 {[%emt
0:07:44]} O-O {[%emt 0:03:34]} 12. a3 {[%emt 0:00:47]} Bf6 {[%emt 0:21:44]} 13.
Be3 {[%emt 0:26:27]} Rc8 {[%emt 0:02:49]} 14. h3 {[%emt 0:01:25]} Bg6 {[%emt
0:12:03]} 15. Qd2 {[%emt 0:07:00]} Na5 {[%emt 0:08:52]} 16. Ba2 {[%emt
0:02:05]} Nac4 {[%emt 0:02:23]} 17. Qe2 {[%emt 0:00:33]} Qd7 {[%emt 0:14:19]}
18. Rad1 {[%emt 0:09:04]} Rfd8 {[%emt 0:13:23]} 19. Ne5 {[%emt 0:02:15]} Bxe5
{[%emt 0:02:17]} 20. dxe5 {[%emt 0:00:08]} Qc6 {[%emt 0:00:09]} 21. Bg5 {[%emt
0:06:25]} Rxd1 {[%emt 0:00:08]} 22. Rxd1 {[%emt 0:00:06]} h6 {[%emt 0:00:05]}
23. Bh4 {[%emt 0:01:50]} Nxb2 {[%emt 0:02:02]} 24. Rd8 {[%emt 0:11:52]} Rxd8
{[%emt 0:00:22]} 25. Bxd8 {[%emt 0:00:10]} Qxc3 {[%emt 0:00:10]} 26. Be7 {[%emt
0:03:40]} Nd3 {[%emt 0:00:17]} 27. Bb1 {[%emt 0:04:38]} Qc1 {[%emt 0:01:49]}
28. Qf1 {[%emt 0:00:49]} Qxf1 {[%emt 0:00:13]} 29. Kxf1 {[%emt 0:00:14]} Nxe5
{[%emt 0:00:05]} 0-1

[Event "DVM U20 2022"]
[Site "Münster GER"]
[Date "2022.12.27"]
[Round "2"]
[White "Hoffmann, Kay"]
[Black "Koleber, Ksenia Alexandra"]
[Result "1-0"]
[Termination "normal"]
[Board "7.4"]
[WhiteElo "1708"]
[BlackElo "1403"]
[WhiteClock "01:30:58"]
[WhiteTeam "Barnimer Schachfreunde im SV Stahl Finow e.V."]
[BlackTeam "Biebertaler Schachfreunde"]
[PlyCount "25"]
[WhiteFideId "16227000"]
[BlackFideId "16271130"]
[EventCountry "GER"]
[EventRounds "7"]
[EventType "team-swiss"]
[EventDate "2022.12.26"]

1. f4 d5 2. Nf3 Nf6 3. e3 Nc6 4. b3 b6 5. Bb5 Bb7 6. Ne5 Qd6 7. d4 Nd7 8. Ba3
Qf6 9. Nxd7 Kxd7 10. O-O a6 11. Bd3 e6 12. f5 Bxa3 13. fxe6 1-0

[Event "DVM U20 2022"]
[Site "Münster GER"]
[Date "2022.12.27"]
[Round "2"]
[White "Peschel, Jan"]
[Black "Schulz, Jannis"]
[Result "0-1"]
[Termination "normal"]
[Board "7.5"]
[WhiteElo "1516"]
[BlackElo "1731"]
[WhiteClock "00:04:24"]
[BlackClock "01:30:30"]
[WhiteTeam "Biebertaler Schachfreunde"]
[BlackTeam "Barnimer Schachfreunde im SV Stahl Finow e.V."]
[PlyCount "62"]
[WhiteFideId "16271629"]
[BlackFideId "16224710"]
[EventCountry "GER"]
[EventRounds "7"]
[EventType "team-swiss"]
[EventDate "2022.12.26"]

1. e4 c6 2. d4 d5 3. e5 Bf5 4. Nf3 e6 5. Bd3 Bxd3 6. Qxd3 Nd7 7. O-O Ne7 8. b3
Qc7 9. Ba3 Ng6 10. Bxf8 Ngxf8 11. c4 dxc4 12. bxc4 Ng6 13. Nc3 O-O 14. c5 b6
15. Ne4 bxc5 16. Nd6 cxd4 17. Qxd4 c5 18. Rfc1 Qb6 19. Qc3 Rab8 20. Nc4 Qc6 21.
Rd1 Nf4 22. Qc2 Nb6 23. Rd6 Qc7 24. Na3 Nbd5 25. Qc4 Rb4 26. Qa6 Rb6 27. Qa4
Rxd6 28. Nb5 Qc6 29. exd6 a6 30. Ne5 Qxb5 31. Qxb5 axb5 0-1

[Event "DVM U20 2022"]
[Site "Münster GER"]
[Date "2022.12.27"]
[Round "2"]
[White "Beyer, Clemens"]
[Black "Röhm, Adrian"]
[Result "1-0"]
[Termination "normal"]
[Board "7.6"]
[WhiteElo "1768"]
[BlackElo "1474"]
[WhiteClock "01:24:13"]
[BlackClock "01:13:38"]
[WhiteTeam "Barnimer Schachfreunde im SV Stahl Finow e.V."]
[BlackTeam "Biebertaler Schachfreunde"]
[PlyCount "131"]
[WhiteFideId "16245407"]
[BlackFideId "16213505"]
[EventCountry "GER"]
[EventRounds "7"]
[EventType "team-swiss"]
[EventDate "2022.12.26"]

1. d4 d5 2. Bf4 Bf5 3. Nf3 Nf6 4. e3 e6 5. Bd3 Ne4 6. O-O Bd6 7. Qe2 O-O 8. Ne5
f6 9. Nf3 Qe7 10. Nh4 Bg6 11. Bxd6 Qxd6 12. f3 Ng5 13. Nxg6 hxg6 14. Bxg6 f5
15. f4 Nf7 16. Nd2 Nh6 17. Nf3 Rf6 18. Ne5 Nd7 19. Bh5 Nf8 20. h3 g6 21. Bf3
Nh7 22. h4 Kf8 23. c4 c6 24. c5 Qc7 25. b4 a6 26. a4 Ke7 27. b5 Nf8 28. bxc6
bxc6 29. Rfb1 Nd7 30. Nxd7 Kxd7 31. Rb6 Rff8 32. a5 Ng8 33. Rab1 Rfb8 34. Qf2
Ne7 35. Qb2 Rxb6 36. axb6 Qb7 37. Ra1 Kc8 38. Be2 a5 39. Qc3 Ng8 40. Rxa5 Rxa5
41. Qxa5 Kb8 42. Ba6 Qd7 43. Bd3 Nf6 44. Bc2 Ng4 45. Qa3 Qb7 46. g3 Qa8 47.
Qxa8 Kxa8 48. e4 fxe4 49. Ba4 Kb7 50. Kg2 Ne3 51. Kh3 Nf5 52. g4 Nxd4 53. g5
Nf5 54. h5 gxh5 55. Bd1 Ng7 56. g6 d4 57. Kg2 Nf5 58. Bxh5 d3 59. Kf2 e3 60.
Kf3 d2 61. Ke2 Ng3 62. Kxe3 Nxh5 63. Kxd2 Nf6 64. g7 Ka6 65. Ke3 Kb7 66. Kd4
1-0

[Event "DVM U20 2022"]
[Site "Münster GER"]
[Date "2022.12.27"]
[Round "2"]
[White "Schubert, Nikita"]
[Black "Waffenschmidt, Lars"]
[Result "1-0"]
[Termination "normal"]
[Board "8.1"]
[BlackTitle "FM"]
[WhiteElo "1939"]
[BlackElo "2287"]
[WhiteTeam "ESV Gera"]
[BlackTeam "SK Bebenhausen 1992"]
[PlyCount "125"]
[WhiteFideId "16212339"]
[BlackFideId "16244656"]
[EventCountry "GER"]
[EventRounds "7"]
[EventType "team-swiss"]
[EventDate "2022.12.26"]

1. d4 Nf6 2. Nf3 e6 3. g3 b5 4. Bg2 Bb7 5. O-O Be7 6. b3 O-O 7. c4 bxc4 8. bxc4
c5 9. e3 Na6 10. Nc3 cxd4 11. exd4 Qa5 12. Nb5 Rfc8 13. Qe2 Qa4 14. c5 Bxf3 15.
Bxf3 Rab8 16. Nxa7 Rc7 17. Bf4 Rxa7 18. Bxb8 Nxb8 19. Rfb1 Na6 20. Qe5 h6 21.
Rb6 Nc7 22. Rb8 Kh7 23. Rc8 Ncd5 24. Qb8 g6 25. Bxd5 Qxd4 26. Rf1 Bxc5 27. Bb3
Ng4 28. Qb5 d6 29. Qe8 Qg7 30. Kg2 Ne5 31. a4 Nd3 32. Bc2 Nb4 33. Be4 h5 34.
Bf3 Nd3 35. Be2 Nb4 36. Bb5 Nd5 37. Rd1 Nb6 38. Rb8 d5 39. Rd3 e5 40. Rf3 e4
41. Rf4 Bd4 42. a5 Nc4 43. Bxc4 dxc4 44. Rxe4 c3 45. Rc8 Rxa5 46. Qd8 Rc5 47.
Rxc5 Bxc5 48. Qd5 Qf8 49. Rc4 Bb4 50. Qb7 Ba5 51. Qa7 Bb4 52. Qa4 Bd6 53. Rxc3
Qe7 54. Qc6 Kh6 55. Rd3 Bb4 56. Rd7 Qe8 57. Qd5 Kg7 58. Qd4 Kh6 59. Qd5 f5 60.
Qb7 Bc5 61. h4 Qg8 62. Qc7 Qa8 63. Kh2 1-0

[Event "DVM U20 2022"]
[Site "Münster GER"]
[Date "2022.12.27"]
[Round "2"]
[White "Frank, Marek"]
[Black "Freiherr von Hauff, Christopher"]
[Result "1-0"]
[Termination "normal"]
[Board "8.3"]
[WhiteElo "1500"]
[BlackElo "1852"]
[WhiteTeam "ESV Gera"]
[BlackTeam "SK Bebenhausen 1992"]
[PlyCount "117"]
[WhiteFideId "16239520"]
[BlackFideId "16200691"]
[EventCountry "GER"]
[EventRounds "7"]
[EventType "team-swiss"]
[EventDate "2022.12.26"]

1. e4 e5 2. Nf3 Nc6 3. Bc4 Nf6 4. d3 d5 5. exd5 Nxd5 6. O-O Bc5 7. Re1 O-O 8.
Nbd2 Nf6 9. h3 Bf5 10. Qe2 Re8 11. Ne4 Be7 12. c3 Bg6 13. Bb5 Nxe4 14. dxe4 Qd6
15. Rd1 Qe6 16. Bc4 Qc8 17. Bd5 Bf6 18. Bg5 Bxg5 19. Nxg5 Ne7 20. Bb3 h6 21.
Nf3 Nc6 22. Nh4 Kh7 23. Nxg6 fxg6 24. Qb5 g5 25. Qd5 Re7 26. Ba4 Rb8 27. Rd2 g4
28. h4 Qe6 29. Rad1 Qg6 30. Qc5 Rbe8 31. Bxc6 bxc6 32. Qxa7 Qxe4 33. Qe3 Qf5
34. a4 Ra8 35. Qc5 Re6 36. a5 Qf4 37. b4 e4 38. Qe3 Qf6 39. Rd4 Rf8 40. R1d2
Qxh4 41. Rxe4 Ref6 42. a6 Rf5 43. Re5 g3 44. Rxf5 Qh2 45. Kf1 Rxf5 46. Qe4 Qh5
47. a7 gxf2 48. Qxf5 Qxf5 49. a8=Q Qe4 50. Kxf2 Qf4 51. Ke1 Qe3 52. Kd1 Qxc3
53. Qa2 Qxb4 54. Qc2 g6 55. Qxc6 Qg4 56. Kc1 Qf4 57. Qd7 Kg8 58. Qd4 Qf1 59.
Rd1 1-0

[Event "DVM U20 2022"]
[Site "Münster GER"]
[Date "2022.12.27"]
[Round "2"]
[White "Kauth, Lukas"]
[Black "Frank, Marian"]
[Result "0-1"]
[Termination "normal"]
[Board "8.4"]
[WhiteElo "1488"]
[BlackElo "1438"]
[WhiteTeam "SK Bebenhausen 1992"]
[BlackTeam "ESV Gera"]
[PlyCount "128"]
[WhiteFideId "16272994"]
[BlackFideId "16245059"]
[EventCountry "GER"]
[EventRounds "7"]
[EventType "team-swiss"]
[EventDate "2022.12.26"]

1. e4 {laut Partieformular Kauth-Frank} e5 2. Nf3 Nc6 3. d4 exd4 4. Nxd4 Bc5 5.
Nb3 Bb6 6. Nc3 d6 7. Qf3 Nge7 8. Qg3 Ng6 9. Bg5 f6 10. Bd2 Be6 11. Nd5 Qd7 12.
O-O-O Qf7 13. Be3 O-O-O 14. f4 Bxd5 15. exd5 Nce7 16. Qf3 Kb8 17. g3 Nf5 18.
Nd4 Nxd4 19. Bxd4 c5 20. dxc6 Qxa2 21. Bxb6 axb6 22. c7 Kxc7 23. Qc3 Kb8 24.
Bc4 Qa1 25. Kd2 Qa5 26. b4 Qf5 27. Bd3 Qd5 28. Kc1 Qc6 29. Qb3 Kc7 30. Rhe1 Kb8
31. h4 Qf3 32. Qf7 Qxg3 33. Be4 d5 34. Bxd5 Qxf4 35. Kb1 Qc7 36. Qe6 Nf4 37.
Qf5 g6 38. Qxf6 Rhf8 39. Qe5 Qxe5 40. Rxe5 Rxd5 41. Rdxd5 Nxd5 42. Rxd5 Rf4 43.
Rb5 Kc7 44. h5 Rf5 45. Rxf5 gxf5 46. Kc1 Kd6 47. Kd2 Ke5 48. Ke3 b5 49. h6 f4
50. Kf3 Kf5 51. c3 b6 52. Kf2 Ke4 53. Ke2 f3 54. Kf2 Kf4 55. Kf1 Ke3 56. Ke1 f2
57. Kf1 Kf3 58. c4 bxc4 59. b5 Ke3 60. Kg2 Ke2 61. Kg3 f1=Q 62. Kh4 Qg2 63. Kh5
Kf3 64. Kh4 Qg4# 0-1

[Event "DVM U20 2022"]
[Site "Münster GER"]
[Date "2022.12.27"]
[Round "2"]
[White "Barz, Henrik"]
[Black "Giannakoglou, Alexandros"]
[Result "1-0"]
[Termination "normal"]
[Board "8.5"]
[WhiteElo "1647"]
[BlackElo "1353"]
[WhiteTeam "ESV Gera"]
[BlackTeam "SK Bebenhausen 1992"]
[PlyCount "121"]
[WhiteFideId "34628320"]
[BlackFideId "4288580"]
[EventCountry "GER"]
[EventRounds "7"]
[EventType "team-swiss"]
[EventDate "2022.12.26"]

1. e4 e5 2. Nf3 Nf6 3. Nxe5 d6 4. Nf3 Nxe4 5. Qe2 Qe7 6. d3 Nf6 7. Bg5 Qxe2 8.
Bxe2 Be7 9. Nc3 h6 10. Be3 Bg4 11. h3 Bh5 12. g4 Bg6 13. Nh4 Bh7 14. O-O-O Nc6
15. Bf3 d5 16. Nf5 Bxf5 17. gxf5 O-O-O 18. Bd2 Bc5 19. Rhg1 Rhg8 20. Rg2 Nd4
21. Rg3 Nxf5 22. Bg4 Nxg4 23. Rxg4 Ne7 24. Na4 Bd4 25. Rxd4 Nc6 26. Rf4 f6 27.
d4 Rge8 28. Be3 b6 29. Nc3 Na5 30. b3 Nb7 31. Rg1 Rg8 32. Rg6 c5 33. Rfg4 cxd4
34. Bxd4 f5 35. Rg1 Nc5 36. Bxc5 bxc5 37. Rxg7 Rxg7 38. Rxg7 a6 39. Rg6 d4 40.
Nd1 Kb7 41. Rxh6 d3 42. cxd3 Rxd3 43. h4 Rh3 44. h5 f4 45. Kc2 a5 46. Nc3 Rh2
47. Ne4 a4 48. Nxc5 Ka7 49. Nd3 axb3 50. axb3 f3 51. Kd2 Rh4 52. Ke3 Rg4 53.
Kxf3 Rg7 54. Rg6 Rxg6 55. hxg6 Ka6 56. g7 Ka7 57. g8=Q Kb7 58. Qc4 Ka7 59. Qb5
Ka8 60. Nc5 Ka7 61. Qb7# 1-0

[Event "DVM U20 2022"]
[Site "Münster GER"]
[Date "2022.12.27"]
[Round "2"]
[White "Andrei, Quentin"]
[Black "Schulter, Moritz"]
[Result "0-1"]
[Termination "normal"]
[Board "8.6"]
[WhiteElo "1262"]
[BlackElo "1584"]
[WhiteTeam "SK Bebenhausen 1992"]
[BlackTeam "ESV Gera"]
[PlyCount "96"]
[WhiteFideId "16255712"]
[BlackFideId "16245067"]
[EventCountry "GER"]
[EventRounds "7"]
[EventType "team-swiss"]
[EventDate "2022.12.26"]

1. d4 Nf6 2. c4 e6 3. Nc3 d5 4. cxd5 exd5 5. Bg5 Be7 6. Qc2 O-O 7. e3 Nbd7 8.
Bd3 h6 9. Bh4 c5 10. dxc5 Nxc5 11. Be2 Nce4 12. f3 Nxc3 13. bxc3 Be6 14. Bd3
Rc8 15. Ne2 Nd7 16. Bxe7 Qxe7 17. Nd4 Nc5 18. O-O Bd7 19. Rfe1 Na4 20. e4 Rxc3
21. exd5 Qc5 22. Qf2 Rxd3 23. Nb3 Qxf2 24. Kxf2 Rxd5 25. Re7 Bc6 26. Rae1 Nc5
27. Nxc5 Rxc5 28. Rc7 Rc2 29. Kg3 Rxa2 30. Ree7 Rd2 31. Rxb7 Bxb7 32. Rxb7 Ra8
33. Rb1 a5 34. Kf4 a4 35. Ra1 a3 36. Ke3 Rdd8 37. g4 a2 38. g5 Rdb8 39. gxh6
Rb1 40. h7 Kxh7 41. Rxa2 Rxa2 42. h4 Ra3 43. Kf4 Rb4 44. Kg3 Kg6 45. h5 Kxh5
46. Kg2 Kh4 47. Kh2 Rb2 48. Kg1 Ra1# 0-1